| 000 | 01114nmc a2200385 a 4500 | ||
|---|---|---|---|
| 003 | AR-BaBNM | ||
| 005 | 20251128205826.0 | ||
| 008 | 011101s1996 ||||||||||||||000 | spa|| | ||
| 020 | _a84-87767-52-4 | ||
| 040 | _cAR-BaBNM | ||
| 100 | 1 | _aPlaza del Río, Francisco S. | |
| 245 | 1 | 0 | _aLa disciplina escolar o el arte de la convivencia |
| 260 |
_aMálaga _bEdiciones Aljibe _c1996 |
||
| 300 | 0 | _a199 p. | |
| 490 | 0 | _aBiblioteca de Educación | |
| 500 | 0 | _aReferencias bibliográficas: p.191-199 | |
| 600 | 1 | 4 | _aGotzens, Concepcion |
| 650 | 4 | _aCONDUCTA DEL GRUPO | |
| 650 | 4 | _aRELACION ESCUELA-ALUMNOS | |
| 650 | 4 | _aAMBIENTE EDUCACIONAL | |
| 650 | 4 | _aDISCIPLINA ESCOLAR | |
| 650 | 4 | _aDISCIPLINA | |
| 650 | 4 | _aETNOGRAFIA | |
| 650 | 4 | _aESTUDIOS DE CASOS | |
| 650 | 4 | _aDOCENTES | |
| 650 | 4 | _aALUMNOS | |
| 650 | 4 | _aASOCIACIONES DE PADRES | |
| 651 | 4 | _aEspaña | |
| 653 | 0 | _aINSTITUCIONES EDUCATIVAS | |
| 653 | 0 | _aCOMUNIDAD EDUCATIVA | |
| 653 | 0 | _aLEY DE ORDENACION GENERAL DEL SISTEMA EDUCATIVO {LOGSE}: ESPANA | |
| 653 | 0 | _aINVESTIGACION EDUCATIVA | |
| 942 | _cBK | ||
| 998 | _carturo | ||
| 999 |
_c12966 _d12966 |
||